000 00455pab a2200157 454500
008 180718b2004 xxu||||| |||| 00| 0 eng d
100 _aZhang, Heather Xiaoquan
245 _aInterpreting reproductive rights: institutional responses to the agenda in the 1990s
260 _c2004
300 _ap.41-50.
362 _aFeb
650 _aHealth services
700 _aLocke, Catherine
773 _aPublic Administration and Development
909 _a60657
999 _c60657
_d60657